Algunas experiencias internacionales de educación privada sin aporte estatal y el caso de Chile antes 1981.

Detalles Bibliográficos
Autor principal: Lavados M., Iván
Formato: Analitica de revista
Lenguaje:español
Publicado: Santiago, Chile CPU 1987
Materias:

MARC

LEADER 00000cab a2200000 a 4500
001 032445
003 UAHC_CL
005 20170803123504.0
008 011122b xx j 000 1 spa
040 |a UAHC_CL  |c UAHC_CL  |d UAHC_CL 
100 1 |a Lavados M., Iván 
245 1 0 |a Algunas experiencias internacionales de educación privada sin aporte estatal y el caso de Chile antes 1981. 
260 |b CPU  |c 1987  |a Santiago, Chile 
650 4 |a EDUCACION 
759 |a PP070 
773 0 |t Estudios sociales  |w 032165 
900 |a ESTUD. SOC.-54/87 
942 |c REVA 
952 |0 0  |1 0  |4 0  |6 ESTUD___SOC_54_87_000000000000000  |7 0  |8 General  |9 62858  |a BC  |b BC  |c General  |d 2017-08-03  |l 0  |o ESTUD. SOC.-54/87  |p FICTICIO3205  |r 2019-01-08 00:00:00  |t 1  |w 2017-08-03  |y REVA 
999 |c 32445  |d 32445